Central Library OPAC University of Rajshahi

تاريخ زبان فارسى : قسمت نثر / Tārīkh-i Zabān-i Fārsī, qismat-i nas̲r / (Record no. 82231)

MARC details
000 -LEADER
fixed length control field 00781cam a2200205 a 4500
001 - CONTROL NUMBER
control field 82231
003 - CONTROL NUMBER IDENTIFIER
rucl marc code BD-RjUL
005 - DATE AND TIME OF LATEST TRANSACTION
control field 20231102110746.0
008 - FIXED-LENGTH DATA ELEMENTS--GENERAL INFORMATION
fixed length control field 231102muuuu1962pk b 001 0 per d
035 ## - SYSTEM CONTROL NUMBER
System control number (BD-RjUL)82231
040 ## - CATALOGING SOURCE
Original cataloging agency PU
Transcribing agency PSt
Modifying agency DLC-R
Language of cataloging eng
041 ## - LANGUAGE CODE
Language code of text/sound track or separate title per
082 ## - DEWEY DECIMAL CLASSIFICATION NUMBER
Edition number 23
Classification number 891.5509
Author mark and year SAT 1962
100 1# - MAIN ENTRY--PERSONAL NAME
Personal name Sarwar, Ghulam ;;;سرور، غلام
9 (RLIN) 9864
245 10 - TITLE STATEMENT
Title تاريخ زبان فارسى : قسمت نثر / Tārīkh-i Zabān-i Fārsī, qismat-i nas̲r /
Statement of responsibility, etc. تأليف غلام سرور.,. / taʻlīf-i Ghulām Sarwar,
260 ## - PUBLICATION, DISTRIBUTION, ETC. (IMPRINT)
Place of publication, distribution, etc. Karāchī :
Name of publisher, distributor, etc. مكتبه خورشيد درخشان،, / Maktabah-yi Khurshīd-i Dirakhshān,
Date of publication, distribution, etc. 1962
300 ## - PHYSICAL DESCRIPTION
Pagination 264 pages ;
Size 24 cm.
650 #0 - SUBJECT ADDED ENTRY--TOPICAL TERM
Topical term or geographic name as entry element Persian literature
General subdivision History and criticism
9 (RLIN) 9865
942 ## - ADDED ENTRY ELEMENTS (KOHA)
Source of classification or shelving scheme Dewey Decimal Classification
Koha item type Books
Holdings
Lost status Source of classification or shelving scheme Damaged status Not for loan Collection code Permanent Location Current Location Shelving location Date acquired Source of acquisition Cost, normal purchase price Total Checkouts Full call number Date last seen Copy number Koha item type
  Dewey Decimal Classification   Not For Loan Non-fiction Central Library, University of Rajshahi Central Library, University of Rajshahi Reading Room 05/10/1965 Urdu Library 5.00   F 891.5509 SAT 1962 02/11/2023 C-1 Books